Statistiche per Quiz sulla Francia

Clicka qui per fare il quiz!

Statistiche generali

  • Questo quiz è stato fatto 5.712 volte
  • Il punteggio medio è 14 su 20

Statistiche sulle risposte

DomandaRisposta% Corretto
CapitaleParigi
100%
Museo più visitatoLouvre
94%
Motto della Francia:
Liberté, égalité, ______
Fraternité
88%
Competizione ciclistica più importanteTour de France
85%
Torre costruita per l'Esposizione Universale del 1889Torre Eiffel
83%
Terza città più popolosaMarsiglia
81%
Seconda città più popolosaLione
79%
Generale corso che si incoronò imperatoreNapoleone Bonaparte
78%
Montagna più altaMonte bianco
74%
Regione dove gli alleati sbarcarono durante il D-DayNormandia
74%
Prigione assaltata il 14 luglio 1789Bastiglia
73%
Palazzo in cui vivevaVersailles
72%
Viale dove termina la gara precedente{Champs}-Élysées
71%
Così si chiamavano gli antichi francesiGalli
71%
Regione d'Oltremare in Sud AmericaGuiana Francese
67%
Re che ha regnato più a lungoLuigi XIV
63%
Fiume più lungoLoira
51%
Dinastia di cui faceva parteBorbone
40%
Simbolo dei reali francesiGiglio
31%
Donna che impersonifica la FranciaMarianne
22%

Distribuzione punteggi

Percentile per numero di risposta

Percentuale di utenti per punteggio

I tuoi punteggi nel tempo

Non hai fatto questo quiz